000 00489nam a2200169Ia 4500
005 20251015172821.0
008 081213s9999 xx 000 0 und d
050 _aBF724
_b.B56 1979
100 _aBlos, Peter
245 _aThe Adolescent Passage:
_bDevelopment Issues
260 _c1979
_aNew York
_bInternation al Universities press
300 _axvi,521p.;
_c24cm
500 _aIncludes Index
650 _2Adolescent Psychology
650 _2Adolescent Psychiatry
942 _cBK
_2lcc
999 _c26576
_d26576